El niño preescolar y su comprensión del sistema de escritura.

Gardado en:
Detalles Bibliográficos
Autor Principal: Ferreiro, Emilia [et al.], (autor)
Formato: Libro
Idioma:Lingua castelá
Temas:
Etiquetas: Engadir etiqueta
Sen Etiquetas, Sexa o primeiro en etiquetar este rexistro!

MARC

LEADER 00000cam^a2200000uu^4500
001 000470217
005 20250521000000.0
008 050901s1979^^^^^^^^^^^^rd^r^^000^0^spa^d
009 20260310124554.115
035 |a FCE 000013003 
035 |a FCE 012781 
037 |a Acervo ITESO - Biblioteca 
041 |a spa 
082 0 4 |a 370.7122  |b FERn 
100 |a Ferreiro, Emilia,  |e [et al.]  |e (autor) 
245 1 3 |a El niño preescolar y su comprensión del sistema de escritura. 
264 |a México :  |b OEA,  |c 1979. 
300 |a 298 p. 
336 |a texto  |b txt  |2 rdacontenido 
337 |a sin mediación  |b n  |2 rdamedio 
338 |a volumen  |b nc  |2 rdasoporte 
649 |a XX 
650 |a Educación del niño 
650 |a Enseñanza de la escritura 
650 |a Dificultades en el aprendizaje 
650 |a Desarrollo de la escritura 
650 |a Estudios de casos 
650 |a Educación preescolar 
650 |a Monterrey, México 
910 |a Fondo Centro de Estudios Educativos 
920 |a Impresos - Libros 
930 |a Fondos Especiales 
905 |a 133 
901 |a ALE012781  |b IT2  |c CEE  |u 20250521 
901 |a ALE042700  |b IT2  |c CEE  |u 20250521 
902 |a https://opac.biblio.iteso.mx/vufind/Record/000470217